000
00341nam a2200133Ia 4500
008
100328s9999 xx 000 0 und d
082
_b
1328
100
_a
Moore J.Howard.
245
_a
Savage Survivals
260
_b
Watts & Co. John Son Court Fleet Strret.
630
_a
Savage Survivals
730
_a
Savage Survivals
942
_c
BOOK
999
_c
497608
_d
497605